Political Parties and Electoral Competition in Kaduna State (Record no. 2442)

MARC details
000 -LEADER
fixed length control field 00367nam a22001337a 4500
008 - FIXED-LENGTH DATA ELEMENTS--GENERAL INFORMATION
fixed length control field 250318b |||||||| |||| 00| 0 eng d
020 ## - INTERNATIONAL STANDARD BOOK NUMBER
ISBN 9789784856720
100 ## - MAIN ENTRY--AUTHOR
Author UJO, Abdulhameed
245 ## - TITLE STATEMENT
Title Political Parties and Electoral Competition in Kaduna State
260 ## - PUBLICATION, DISTRIBUTION, ETC. (IMPRINT)
Place of publication Kaduna
Name of publisher Passmark International
Date of publication 1996
300 ## - COLLATION
Pagination 158p.
942 ## - ADDED ENTRY ELEMENTS (KOHA)
Item type Books
050 ## - LIBRARY OF CONGRESS CALL NUMBER
Classification number JC421
Item number .U35
Holdings
Source of classification or shelving scheme Not for loan Permanent location Current location Date acquired Accession No. Full call number Barcode. Koha item type
Library of Congress Classification   Samuel Ogbemudia Main Library, University of Abuja Samuel Ogbemudia Main Library, University of Abuja 03/18/2025 NIL JC421.U35 2025-0709 Books